Statistiques concernant Les 10 transferts les plus chers de l’histoire du Football

Cliquez ici pour prendre le quiz!

Statistiques générales

  • Ce quiz a été pris 4 484 fois
    (2 278 depuis la dernière actualisation)
  • Le résultat moyen est 8 sur 10

Statistiques - réponses

JoueurClub de départMontantClub d'arrivéDate% Correct
Kylian MbappéAS Monaco180 M€Paris Saint-Germain2018
99%
NeymarFC Barcelone222 M€Paris Saint-Germain2017
99%
Antoine GriezmannAtlético de Madrid120 M€FC Barcelone2019
91%
Paul PogbaJuventus105 M€Manchester United2016
85%
Philippe CoutinhoLiverpool FC135 M€FC Barcelone2018
83%
João FélixBenfica Lisbonne120 M€Atlético de Madrid2019
81%
Jack GrealishAston Villa117 M€Manchester City2021
79%
Romelu LukakuInter Milan115 M€Chelsea FC2021
75%
Declan RiceWest Ham United116 M€Arsenal FC2023
71%
Enzo FernándezBenfica Lisbonne121 M€Chelsea FC2023
64%

Distribution des résultats

Percentile par nombre de réponses

% des personnes avec chaque résultat

Votre développement - résultats

Vous n’avez pas pris ce quiz depuis la dernière actualisation